Řízení firemních financí aktivní využívání firemních zdrojů
Salvato in:
| Autore principale: | |
|---|---|
| Natura: | Libro |
| Lingua: | ceco |
| Pubblicazione: |
Praha
EKOPRESS
1998
|
| Soggetti: | |
| Tags: |
Nessun Tag, puoi essere il primo ad aggiungerne!!
|
MARC
| LEADER | 00000nam a2200000 4500 | ||
|---|---|---|---|
| 001 | c101313 | ||
| 005 | 20221109094339.7 | ||
| 020 | |a 80-86119-05-X | ||
| 041 | 0 | |a cze | |
| 044 | |a CZ | ||
| 245 | 1 | 0 | |a Řízení firemních financí |b aktivní využívání firemních zdrojů |c Pavel Vosoba a kolektiv |
| 264 | 1 | |a Praha |b EKOPRESS |c 1998 | |
| 300 | |a 214 s. | ||
| 610 | 2 | 0 | |a financie podnikové |
| 610 | 2 | 0 | |a firmy |
| 610 | 2 | 0 | |a zdroje finančné |
| 610 | 2 | 0 | |a manažéri |
| 610 | 2 | 0 | |a manažment finančný |
| 610 | 2 | 0 | |a stratégia podniková |
| 610 | 2 | 0 | |a ciele podnikové |
| 610 | 2 | 0 | |a plán podnikový |
| 610 | 2 | 0 | |a výkazy finančné |
| 610 | 2 | 0 | |a rozpočty |
| 610 | 2 | 0 | |a riadenie |
| 610 | 2 | 0 | |a organizácia riadenia |
| 610 | 2 | 0 | |a analýza finančná |
| 610 | 2 | 0 | |a evidencia účtovná |
| 100 | 1 | |a Vosoba, Pavel | |